000 00440pab a2200169 454500
008 180718b1999 xxu||||| |||| 00| 0 eng d
100 _aPadmadas, Sabu S.
245 _aAge at Menarche among Indian women: observations from NFHS, 1992-93
260 _c1999
300 _ap.71-79
362 _aOct
650 _aWomen
700 _aDilip, T.R.
700 _aFrancis Zavier A.J.
773 _aJournal of Family Welfare
909 _a50017
999 _c50017
_d50017